Basic refrigeration and air conditioning / (Record no. 5884)

MARC details
000 -LEADER
fixed length control field 00562nac a22001691u 4500
082 ## - DEWEY DECIMAL CLASSIFICATION NUMBER
Classification number 621.56
Item number ANA
090 ## - LOCALLY ASSIGNED LC-TYPE CALL NUMBER (OCLC); LOCAL CALL NUMBER (OCLC)
-- 5884
-- 5884
100 ## - MAIN ENTRY--PERSONAL NAME
Personal name Ananthanarayanan p. n.
245 ## - TITLE STATEMENT
Title Basic refrigeration and air conditioning /
Statement of responsibility, etc P. N. Ananthanarayanan
260 ## - PUBLICATION, DISTRIBUTION, ETC. (IMPRINT)
Place of publication, distribution, etc New Delhi :
Name of publisher, distributor, etc McGraw-hill,1982
Date of publication, distribution, etc 1982
300 ## - PHYSICAL DESCRIPTION
Extent 288 p. :
Other physical details ill. ;
Dimensions 24 cm.
500 ## - GENERAL NOTE
General note distributer: Al-Ahram
511 ## - PARTICIPANT OR PERFORMER NOTE
Participant or performer note catalogued by : wessam
650 ## - SUBJECT ADDED ENTRY--TOPICAL TERM
Topical term or geographic name as entry element Refrigeration and refrigerating machinery.
650 ## - SUBJECT ADDED ENTRY--TOPICAL TERM
Topical term or geographic name as entry element Air conditioning.
942 ## - ADDED ENTRY ELEMENTS (KOHA)
Item type Book - Borrowing
Call number prefix 621.56ANA
Holdings
Withdrawn status Item status Damaged status Not for loan Home library Current library Shelving location Date acquired Source of acquisition Total Checkouts Total Renewals Full call number Barcode Date last seen Date last borrowed Koha item type
        Central Library Central Library First floor 07/11/2007 Purchase 2 2 621.56ANA 000007350 15/07/2025 31/10/2017 Book - Borrowing